| 000 | 00468nam a22001937i 4500 | ||
|---|---|---|---|
| 001 | 3427 | ||
| 003 | OSt | ||
| 005 | 20170126082318.0 | ||
| 007 | tu | ||
| 008 | 161220s1993 xxu||||| |||| 00| 0 d | ||
| 024 | 7 |
_a3426 _2RID |
|
| 040 | _cOSt | ||
| 084 |
_a8.2 _2z |
||
| 100 | 1 | _aBorenstein, Israel | |
| 245 | 0 | 0 | _aComparative GDP Levels. Physical Indicators, Phase III |
| 260 |
_aNew York : _bUnited Nations, _c1993. |
||
| 300 |
_a231 S. ; _c30cm. |
||
| 490 |
_aEconomic Studies _v4 |
||
| 942 | _cB | ||
| 999 |
_c3377 _d3377 |
||